Development of an analytical method for the determination of emergent contaminants in river sediments

Uložené v:
Podrobná bibliografia
Hlavný autor: Rusiňáková, Katarína (Autor)
Ďalší autori: Hrouzková, Svetlana (Vedúci práce)
Médium: Rukopis Kniha
Jazyk:Slovak
English
Vydavateľské údaje: 2024
Predmet:
On-line prístup:http://is.stuba.sk/zp/portal_zp.pl?podrobnosti=169561
Tagy: Pridať tag
Žiadne tagy, Buďte prvý, kto otaguje tento záznam!

MARC

LEADER 00000ntm a22000003a 4500
001 stuzp98852
003 SK-STU
005 20240601210427.5
007 ta
008 150427s2015----xo-----f-mn---000-0-slo-d
040 |a STU  |b slo 
041 0 |a eng 
100 1 |a Rusiňáková, Katarína  |u 041000  |4 aut  |U FCHPT Fakulta chemickej a potravinárskej technológie  |T FCHPT Ústav analytickej chémie  |X 97525  |U C1000  |Y 99  |7 97525 
242 0 1 |a Vývoj analytickej metódy na detekciu emergentných zlúčenín v riečnych sedimentoch  |y slo 
245 1 0 |a Development of an analytical method for the determination of emergent contaminants in river sediments 
260 |c 2024 
650 4 |a polyaromatické uhľovodíky  |2 slo 
650 4 |a alkylfenoletoxyláty  |2 slo 
650 4 |a alkylfenoly  |2 slo 
650 4 |a ftaláty  |2 slo 
650 4 |a butylovaný hydroxytoluén  |2 slo 
650 4 |a extrakcia tuhá fáza-kvapalina s fokusovanou podporou ultrazvuku  |2 slo 
650 4 |a kvapalinová chromatografia  |2 slo 
650 4 |a alkylphenol ethoxylates  |2 eng 
650 4 |a focused ultrasound solid-liquid extraction  |2 eng 
650 4 |a liquid chromatography  |2 eng 
650 4 |a alkylphenols  |2 eng 
650 4 |a phthalate esters  |2 eng 
650 4 |a butylated hydroxytoluene  |2 eng 
650 4 |a polyaromatic hydrocarbons  |2 eng 
700 1 |a Hrouzková, Svetlana  |u 041000  |k Z1  |4 ths  |U FCHPT Fakulta chemickej a potravinárskej technológie  |T FCHPT Ústav analytickej chémie  |X 3892  |U C1000  |Y 99  |7 A000003892 
856 4 |u http://is.stuba.sk/zp/portal_zp.pl?podrobnosti=169561